[Event "July TNT"]
[Site "Winnipeg CAN"]
[Date "2010.07.27"]
[Round "4"]
[White "Babb, Jeff"]
[Black "Nikouline, Alexandre"]
[Result "0-1"]
[WhiteElo "2212"]
[BlackElo "2092"]
[PlyCount "85"]
[EventDate "2010.07.06"]
[EventType "swiss"]
[EventRounds "4"]
[EventCountry "CAN"]

1. f4 c5 2. b3 Qc7 3. e3 e5 4. fxe5 Qxe5 5. Nc3 d5 6. Nf3 Qd6 7. Bb2 Be6 8. Nb5
Qd8 9. Be5 Na6 10. Be2 Nh6 11. O-O f6 12. Bb2 Nc7 13. Qe1 a6 14. Nxc7+ Qxc7 15.
c4 dxc4 16. bxc4 Bd6 17. a4 Ng4 18. g3 O-O-O 19. Nh4 Ne5 20. Rc1 Bg4 21. Bxe5
Bxe5 22. Bxg4+ Kb8 23. Nf3 h5 24. Nxe5 hxg4 25. Nxg4 Qd7 26. Qe2 Qxa4 27. d3
Qd7 28. Rfd1 Qe7 29. Qf3 Ka7 30. Rb1 Rd6 31. Rb3 g6 32. Rdb1 b6 33. e4 f5 34.
exf5 gxf5 35. Qxf5 Rf8 36. Qe5 Re6 37. Qc3 Qg5 38. Qb2 Rb8 39. Nf2 Rh6 40. Ne4
Qd8 41. Qg7+ Ka8 42. Qxh6 Qd4+ 43. Nf2 0-1

[Event "July TNT"]
[Site "Winnipeg CAN"]
[Date "2010.07.27"]
[Round "4"]
[White "Milord, Frank"]
[Black "De Groot, Steven"]
[Result "0-1"]
[WhiteElo "1666"]
[BlackElo "1822"]
[PlyCount "66"]
[EventDate "2010.07.06"]
[EventType "swiss"]
[EventRounds "4"]
[EventCountry "CAN"]

1. d4 Nf6 2. c4 g6 3. Nc3 d5 4. Qb3 dxc4 5. Qxc4 Be6 6. Qb5+ Bd7 7. Qxb7 Bc6 8.
Qb3 Qxd4 9. Nf3 Qb6 10. Qc2 Nbd7 11. Bf4 Bg7 12. e3 Bxf3 13. gxf3 Nh5 14. Bg3
Nxg3 15. hxg3 O-O 16. f4 Qc6 17. Rh2 Rab8 18. Bg2 Qc5 19. Rc1 Qb4 20. b3 e5 21.
Kf1 exf4 22. gxf4 Nf6 23. Bf3 Rfe8 24. Kg2 Rbd8 25. e4 Rd4 26. e5 Nd7 27. Nd5
Rxd5 28. Bxd5 Qxf4 29. Qc4 Qg5+ 30. Kh1 Nxe5 31. Qxc7 Rd8 32. Bc4 Qxc1+ 33. Kg2
Qg5+ 0-1

[Event "July TNT"]
[Site "Winnipeg CAN"]
[Date "2010.07.27"]
[Round "4"]
[White "Rutter, Blair"]
[Black "Currie, James"]
[Result "1-0"]
[WhiteElo "1912"]
[BlackElo "1988"]
[PlyCount "107"]
[EventDate "2010.07.06"]
[EventType "swiss"]
[EventRounds "4"]
[EventCountry "CAN"]

1. c4 Nf6 2. g3 g6 3. Bg2 Bg7 4. Nc3 O-O 5. e4 d6 6. Nge2 Be6 7. d3 Qc8 8. O-O
Bh3 9. Bg5 Bxg2 10. Kxg2 Qg4 11. Qd2 Re8 12. h3 Qe6 13. f4 c6 14. Rf2 b5 15.
cxb5 cxb5 16. Nxb5 Na6 17. Raf1 Qxa2 18. f5 Rab8 19. Nec3 Qa5 20. Nd4 Qb6 21.
Be3 Ng4 22. hxg4 Bxd4 23. Bxd4 Qxd4 24. fxg6 fxg6 25. Nd5 Nc5 26. Qg5 Rb7 27.
Rf7 Ne6 28. Qh6 Qxb2+ 29. R1f2 Qh8 30. Rxe7 Rexe7 31. Nf6+ Qxf6 32. Rxf6 Rb2+
33. Rf2 Rxf2+ 34. Kxf2 a5 35. Qd2 Ra7 36. Qb2 Rf7+ 37. Ke3 d5 38. exd5 Nf8 39.
Qb5 Nd7 40. Qxa5 Nf6 41. g5 Nd7 42. d6 Kg7 43. Qc3+ Kg8 44. Kd4 Rf8 45. Kd5
Nb6+ 46. Kd4 Nd7 47. Qc7 Rf7 48. Qd8+ Kg7 49. Kd5 Nf8 50. Kc6 Ne6 51. Qe8 Nxg5
52. Qe5+ Kh6 53. d7 Rf8 54. Qe7 1-0

[Event "July TNT"]
[Site "Winnipeg CAN"]
[Date "2010.07.27"]
[Round "4"]
[White "Swift, Ryne"]
[Black "Reimer, Bruce"]
[Result "1-0"]
[WhiteElo "1798"]
[BlackElo "1566"]
[PlyCount "63"]
[EventDate "2010.07.06"]
[EventType "swiss"]
[EventRounds "4"]
[EventCountry "CAN"]

1. e4 Nf6 2. Nc3 d5 3. exd5 Nxd5 4. Nf3 Nc6 5. Bb5 Nxc3 6. bxc3 Bd7 7. O-O g6
8. d4 Bg7 9. Re1 O-O 10. Bf4 Na5 11. Bxd7 Qxd7 12. Qe2 e6 13. Ne5 Qa4 14. Nd3
Qd7 15. Rab1 b6 16. Rbd1 Qc8 17. Ne5 Rd8 18. Qf3 Rf8 19. Nc6 Qe8 20. Nxa5 bxa5
21. Be5 Bxe5 22. Rxe5 Qa4 23. Ra1 Qxc2 24. Rxa5 Rab8 25. h3 Qb2 26. Re1 Rb7 27.
Re2 Qc1+ 28. Kh2 Rfb8 29. d5 Qg5 30. dxe6 Qxa5 31. Qxf7+ Kh8 32. e7 1-0

[Event "July TNT"]
[Site "Winnipeg CAN"]
[Date "2010.07.27"]
[Round "4.4"]
[White "Trueman, Francis"]
[Black "Li, Henry"]
[Result "1-0"]
[WhiteElo "1557"]
[BlackElo "1463"]
[PlyCount "81"]
[EventDate "2010.07.06"]
[EventType "swiss"]
[EventRounds "4"]
[EventCountry "CAN"]

1. Nf3 d5 2. d3 Nc6 3. Nbd2 e5 4. e4 d4 5. g3 Be6 6. Bg2 f6 7. O-O Qd7 8. a4
O-O-O 9. b3 g5 10. Nc4 h5 11. h4 gxh4 12. Nxh4 Bh6 13. Qxh5 Bg4 14. Qg6 Bxc1
15. Nf5 Rh7 16. Qxg4 Nh6 17. Qf3 Ne7 18. Nxe7+ Qxe7 19. Raxc1 Rdh8 20. Bh3+ Kd8
21. Kg2 Ng8 22. Rh1 Rh5 23. Qg4 f5 24. exf5 Nf6 25. Qf3 Qh7 26. g4 Rg8 27. Nxe5
Rhg5 28. Ng6 R8xg6 29. fxg6 Qxg6 30. Rce1 Nxg4 31. Qf8+ Kd7 32. Qe7+ Kc6 33.
Re6+ Qxe6 34. Qxe6+ Kc5 35. Bxg4 c6 36. Qc4+ Kd6 37. Qxd4+ Ke7 38. Rh7+ Rg7 39.
Qd7+ Kf8 40. Qxg7+ Ke8 41. Rh8# 1-0

[Event "June TNT"]
[Site "Winnipeg CAN"]
[Date "2010.06.01"]
[Round "1"]
[White "Bince, Rolando"]
[Black "Milord, Frank"]
[Result "1-0"]
[WhiteElo "2117"]
[BlackElo "1638"]
[PlyCount "79"]
[EventDate "2010.06.01"]
[EventType "swiss"]
[EventRounds "5"]
[EventCountry "CAN"]

1. e4 d6 2. d4 Nf6 3. Nc3 g6 4. Bc4 Bg7 5. Bg5 O-O 6. Qd2 Nxe4 7. Bxf7+ Rxf7 8.
Nxe4 Nc6 9. Ne2 Qf8 10. O-O e5 11. d5 Ne7 12. Bxe7 Qxe7 13. Qg5 Qxg5 14. Nxg5
Rf5 15. Ne4 Bd7 16. c4 b6 17. b4 Bf8 18. f3 Be7 19. Rac1 a5 20. c5 Bb5 21. Rf2
axb4 22. cxd6 Bxd6 23. Nxd6 cxd6 24. Ng3 Rf7 25. Ne4 Rd8 26. Rb2 Bd3 27. Nf2
Bf5 28. Rxb4 Ra7 29. g4 Rc8 30. Rxc8+ Bxc8 31. Rxb6 Rxa2 32. Rxd6 Kf7 33. Ne4
h6 34. Rf6+ Kg7 35. Rc6 Ra1+ 36. Kg2 Ba6 37. Rc7+ Kf8 38. Nd2 Rd1 39. Rc2 Ke8
40. Ne4 1-0

[Event "June TNT"]
[Site "Winnipeg CAN"]
[Date "2010.06.01"]
[Round "1"]
[White "Evans, Brian"]
[Black "De Groot, Steven"]
[Result "0-1"]
[WhiteElo "1596"]
[BlackElo "1800"]
[PlyCount "76"]
[EventDate "2010.06.01"]
[EventType "swiss"]
[EventRounds "5"]
[EventCountry "CAN"]

1. e4 c5 2. Nf3 d6 3. d4 cxd4 4. Nxd4 Nf6 5. Nc3 a6 6. Be2 e5 7. Nb3 Be7 8. O-O
O-O 9. Bg5 Be6 10. Bxf6 Bxf6 11. Nd5 Bxd5 12. Qxd5 Nc6 13. Rad1 Be7 14. c4 Qc7
15. c5 dxc5 16. Nxc5 Nb4 17. Qxb7 Qxc5 18. Rc1 Qd6 19. Rfd1 Qf6 20. a3 Rab8 21.
Qd7 Na2 22. Rc7 Rxb2 23. Qxe7 Qxe7 24. Rxe7 Nc3 25. Re1 Rxe2 26. Rxe2 Nxe2+ 27.
Kf1 Nc3 28. Rxe5 Rd8 29. f3 f6 30. Re6 a5 31. Ra6 a4 32. Rc6 Nb5 33. Rc4 Rd4
34. Rxd4 Nxd4 35. Ke1 Nc2+ 36. Kd1 Nxa3 37. Kc1 Kf7 38. Kb2 Nb5 0-1

[Event "June TNT"]
[Site "Winnipeg CAN"]
[Date "2010.06.01"]
[Round "1"]
[White "Greenberg, Harley"]
[Black "Reimer, Bruce"]
[Result "0-1"]
[WhiteElo "1766"]
[BlackElo "1512"]
[PlyCount "64"]
[EventDate "2010.06.01"]
[EventType "swiss"]
[EventRounds "5"]
[EventCountry "CAN"]

1. e4 Nf6 2. e5 Nd5 3. d4 d6 4. c4 Nb6 5. Nf3 Bg4 6. Bf4 g6 7. h3 Bxf3 8. Qxf3
Nc6 9. Qe3 Bg7 10. Be2 dxe5 11. dxe5 Nd4 12. Na3 c5 13. Rd1 Qc8 14. Bg4 Qc6 15.
O-O O-O 16. Bg5 f6 17. Bh4 Nd7 18. exf6 exf6 19. Rxd4 cxd4 20. Qe6+ Rf7 21.
Qxc6 bxc6 22. Be6 Kf8 23. Bxf7 Kxf7 24. Rd1 Nc5 25. Rxd4 f5 26. Rd2 Re8 27. Kf1
Rb8 28. b3 h6 29. f3 Bf8 30. Nb1 a6 31. Nc3 Bg7 32. Rd3 Nxd3 0-1

[Event "June TNT"]
[Site "Winnipeg CAN"]
[Date "2010.06.01"]
[Round "1"]
[White "Letain, Cory"]
[Black "Kernetsky, Myron"]
[Result "0-1"]
[WhiteElo "1614"]
[BlackElo "2021"]
[PlyCount "56"]
[EventDate "2010.06.01"]
[EventType "swiss"]
[EventRounds "5"]
[EventCountry "CAN"]

1. e4 e6 2. d4 d5 3. e5 c5 4. c3 Nc6 5. Nf3 Qb6 6. Bd3 Bd7 7. O-O cxd4 8. cxd4
Nxd4 9. Nxd4 Qxd4 10. Nc3 a6 11. Qf3 Ne7 12. Re1 Ng6 13. Bxg6 hxg6 14. Be3 Qh4
15. Bf4 Bc5 16. Bg3 Qh5 17. Rad1 Qxf3 18. gxf3 Rc8 19. Kg2 Bb4 20. Re2 Bxc3 21.
bxc3 Rxc3 22. Rb2 Bc6 23. Rd4 Ke7 24. Bh4+ f6 25. exf6+ gxf6 26. Bg3 e5 27. Re2
Kf7 28. Rg4 d4 0-1

[Event "June TNT"]
[Site "Winnipeg CAN"]
[Date "2010.06.01"]
[Round "1"]
[White "Ott, Richard"]
[Black "Dawa, Arvin"]
[Result "0-1"]
[WhiteElo "1700"]
[BlackElo "2176"]
[PlyCount "48"]
[EventDate "2010.06.01"]
[EventType "swiss"]
[EventRounds "5"]
[EventCountry "CAN"]

1. d4 Nf6 2. Nf3 g6 3. Bf4 Bg7 4. Nbd2 O-O 5. e4 d6 6. h3 c6 7. Be2 Nbd7 8. c3
Nh5 9. Bh2 e5 10. dxe5 dxe5 11. Qc2 Qe7 12. O-O-O b5 13. Nf1 a5 14. Ne1 Nf4 15.
Ne3 Nc5 16. Bxf4 exf4 17. Ng4 h5 18. Bf3 hxg4 19. hxg4 Be6 20. Kb1 b4 21. e5
Bxa2+ 22. Ka1 Bb3 23. Qc1 Bxd1 24. Qxf4 Rfd8 0-1

[Event "June TNT"]
[Site "Winnipeg CAN"]
[Date "2010.06.01"]
[Round "1"]
[White "Schulz, Waldemar"]
[Black "Czarny, Keith"]
[Result "1-0"]
[WhiteElo "2017"]
[BlackElo "1590"]
[PlyCount "75"]
[EventDate "2010.06.01"]
[EventType "swiss"]
[EventRounds "5"]
[EventCountry "CAN"]

1. Nf3 e6 2. g3 Nf6 3. Bg2 c6 4. O-O d5 5. d4 Be7 6. c4 O-O 7. b3 Nbd7 8. Nbd2
Qc7 9. Bb2 Nb6 10. Qc2 Bd7 11. Ne5 c5 12. cxd5 Nfxd5 13. Rac1 Nb4 14. Qb1 f6
15. Nd3 N6d5 16. Nxc5 Bxc5 17. Rxc5 Qb6 18. Rcc1 Qa5 19. a3 Nc6 20. Nc4 Qd8 21.
Rfd1 f5 22. Qd3 b5 23. Ne3 Nce7 24. Rc5 a6 25. Nxd5 exd5 26. Rxd5 Rc8 27. Rc5
Be6 28. Rxc8 Nxc8 29. d5 Bd7 30. Qd4 Qe7 31. d6 Qg5 32. Bc1 Qg6 33. Bf4 h6 34.
Rc1 Qe8 35. Be5 g5 36. Bh8 Qg6 37. Rc7 Rd8 38. Bf6 1-0

[Event "June TNT"]
[Site "Winnipeg CAN"]
[Date "2010.06.01"]
[Round "1"]
[White "Wasserman, Leor"]
[Black "Crawford, Gary"]
[Result "1/2-1/2"]
[WhiteElo "1738"]
[BlackElo "1456"]
[PlyCount "81"]
[EventDate "2010.06.01"]
[EventType "swiss"]
[EventRounds "5"]
[EventCountry "CAN"]

1. e4 e5 2. Nf3 d6 3. d4 exd4 4. Nxd4 Nf6 5. Nc3 Be7 6. h3 O-O 7. Bd3 a6 8. Bg5
c5 9. Nf3 b5 10. b3 Bb7 11. Qe2 Nc6 12. Rd1 Qa5 13. Bd2 b4 14. Na4 Rfe8 15. O-O
Rac8 16. a3 Nd7 17. axb4 cxb4 18. Bf4 Nc5 19. Nxc5 Qxc5 20. Bxa6 Bxa6 21. Qxa6
Qxc2 22. Bxd6 Bxd6 23. Rxd6 Nb8 24. Qd3 Qxd3 25. Rxd3 Rxe4 26. Re1 Rxe1+ 27.
Nxe1 Kf8 28. Rd6 Ke7 29. Rb6 Rc1 30. Rxb8 Rxe1+ 31. Kh2 Re4 32. Kg3 Rd4 33. f3
Ke6 34. Rb7 h5 35. Rb6+ Ke7 36. h4 f6 37. Rb7+ Kf8 38. Kh3 f5 39. Kh2 Rd1 40.
Rxb4 Ke7 41. Rc4 1/2-1/2

[Event "June TNT"]
[Site "Winnipeg CAN"]
[Date "2010.06.08"]
[Round "2"]
[White "Czarny, Keith"]
[Black "Ott, Richard"]
[Result "1-0"]
[WhiteElo "1590"]
[BlackElo "1700"]
[PlyCount "73"]
[EventDate "2010.06.01"]
[EventType "swiss"]
[EventRounds "5"]
[EventCountry "CAN"]

1. b4 d5 2. Bb2 Nf6 3. Nf3 e6 4. a3 Be7 5. e3 O-O 6. Be2 a5 7. b5 c5 8. bxc6
Nxc6 9. O-O Bd7 10. Nc3 a4 11. Bb5 Na7 12. Bxd7 Nxd7 13. Rb1 b5 14. Ne2 Qc7 15.
Nfd4 Rac8 16. Nc3 Qa5 17. Na2 g6 18. Qg4 Ne5 19. Qf4 Nc4 20. Bc3 Qd8 21. Nxb5
Nxb5 22. Rxb5 Nxa3 23. Rb7 Rxc3 24. Nxc3 Nc4 25. Qd4 Nd6 26. Ra7 Nf5 27. Qxa4
Bd6 28. f4 Qh4 29. Ne2 Qg4 30. Rf2 Bc5 31. h3 Qh4 32. Ra8 d4 33. Rxf8+ Kxf8 34.
Nxd4 Ng3 35. Qa8+ Kg7 36. Nf3 Qf6 37. d4 1-0

[Event "June TNT"]
[Site "Winnipeg CAN"]
[Date "2010.06.08"]
[Round "2"]
[White "Dawa, Arvin"]
[Black "Schulz, Waldemar"]
[Result "1/2-1/2"]
[WhiteElo "2176"]
[BlackElo "2017"]
[PlyCount "61"]
[EventDate "2010.06.01"]
[EventType "swiss"]
[EventRounds "5"]
[EventCountry "CAN"]

1. d4 d5 2. Nf3 Nf6 3. Bg5 e6 4. Nbd2 Be7 5. e3 Nbd7 6. Bd3 c5 7. c3 O-O 8. O-O
b6 9. Ne5 Bb7 10. f4 Ne4 11. Bxe7 Qxe7 12. Ndf3 Nxe5 13. Nxe5 f6 14. Nf3 Bc6
15. Qe2 Rfd8 16. g4 Be8 17. Qg2 Rac8 18. g5 Bg6 19. Nh4 Bf5 20. gxf6 Qxf6 21.
Nxf5 exf5 22. Bxe4 dxe4 23. Rfd1 Rd6 24. Qe2 cxd4 25. Rxd4 Rxd4 26. cxd4 Qc6
27. Rd1 Qc2 28. Kf2 Qxe2+ 29. Kxe2 Rc2+ 30. Rd2 Rc1 31. Rd1 1/2-1/2

[Event "June TNT"]
[Site "Winnipeg CAN"]
[Date "2010.06.08"]
[Round "2"]
[White "De Groot, Steven"]
[Black "Bince, Rolando"]
[Result "0-1"]
[WhiteElo "1800"]
[BlackElo "2117"]
[PlyCount "124"]
[EventDate "2010.06.01"]
[EventType "swiss"]
[EventRounds "5"]
[EventCountry "CAN"]

1. e4 c6 2. d4 d5 3. e5 Bf5 4. Nf3 e6 5. Bd3 Bg6 6. O-O Nd7 7. b3 Bxd3 8. Qxd3
f5 9. exf6 gxf6 10. Re1 Kf7 11. c4 Bh6 12. Bxh6 Nxh6 13. Qe3 Kg7 14. Qxe6 Re8
15. Qh3 Rxe1+ 16. Nxe1 Qe7 17. Nc3 Re8 18. Nd3 dxc4 19. bxc4 Nb6 20. c5 Nc4 21.
Qg3+ Kh8 22. h3 Qd7 23. Qf4 Kg7 24. g4 Nf7 25. h4 h6 26. Kh2 b5 27. Rg1 a5 28.
Rg3 b4 29. Nd1 Re2 30. Rf3 Qe6 31. Ne3 Nxe3 32. Rxe3 Rxe3 33. Qxe3 Qxg4 34. Qg3
Qxg3+ 35. Kxg3 Nd8 36. Kg4 Ne6 37. d5 cxd5 38. c6 Nc7 39. Kf5 Kf7 40. Nc5 Ne8
41. Nb7 a4 42. Nc5 a3 43. Kg4 Nd6 44. c7 Kg6 45. Nb7 h5+ 46. Kf3 Nc8 47. Nc5
Kf5 48. Ke3 Kg4 49. Kd4 Kxh4 50. Kxd5 Na7 51. Nb3 Kg5 52. Nd4 h4 53. Nc6 Nc8
54. Nxb4 h3 55. Kc6 h2 56. Kd7 Na7 57. Nc6 Nxc6 58. c8=Q Ne5+ 59. Ke6 h1=Q 60.
Qg8+ Ng6 61. f4+ Kh6 62. Kxf6 Qa1+ 0-1

[Event "June TNT"]
[Site "Winnipeg CAN"]
[Date "2010.06.08"]
[Round "2"]
[White "Greenberg, Harley"]
[Black "Crawford, Gary"]
[Result "1-0"]
[WhiteElo "1766"]
[BlackElo "1456"]
[PlyCount "56"]
[EventDate "2010.06.01"]
[EventType "swiss"]
[EventRounds "5"]
[EventCountry "CAN"]

1. e4 e5 2. Nf3 Nc6 3. Bb5 Nf6 4. O-O d6 5. d4 exd4 6. Re1 Be7 7. e5 dxe5 8.
Nxe5 Bd7 9. Bxc6 Bxc6 10. Qe2 Bd5 11. Nd3 Bc4 12. b3 Ba6 13. Ba3 Nd5 14. Nd2 b6
15. Qe5 Bxd3 16. cxd3 c5 17. Qxg7 Rf8 18. Nc4 Qc7 19. b4 O-O-O 20. bxc5 bxc5
21. Qxh7 Nf4 22. Qf5+ Ne6 23. Rab1 Rh8 24. f4 Rdf8 25. Rb5 Kd8 26. Reb1 Qxf4
27. Rb8+ Kc7 28. R1b7+ Kc6 1-0

[Event "June TNT"]
[Site "Winnipeg CAN"]
[Date "2010.06.08"]
[Round "2"]
[White "Kernetsky, Myron"]
[Black "Boron, Anthony"]
[Result "1/2-1/2"]
[WhiteElo "2021"]
[BlackElo "1996"]
[PlyCount "94"]
[EventDate "2010.06.01"]
[EventType "swiss"]
[EventRounds "5"]
[EventCountry "CAN"]

1. d4 d5 2. c4 c6 3. Nc3 e6 4. e3 Bd6 5. Nf3 f5 6. Bd3 Nf6 7. O-O O-O 8. a3 Bd7
9. b4 Be8 10. cxd5 cxd5 11. Nb5 Bxb5 12. Bxb5 a6 13. Bd3 Nbd7 14. Bd2 Ne4 15.
Be1 Rc8 16. Rc1 Qe7 17. Bd2 Rxc1 18. Qxc1 g5 19. Be1 g4 20. Nd2 Qh4 21. g3 Qh3
22. f3 gxf3 23. Nxf3 Ndf6 24. Bxe4 Nxe4 25. Qc2 Qh6 26. Bf2 Qh5 27. Kg2 Qf7 28.
Qb2 Rc8 29. Rc1 Rxc1 30. Qxc1 Qc7 31. Qb2 Qc4 32. Ne1 Be7 33. Qc2 Nd6 34. Qb2
Bg5 35. Nf3 Bf6 36. Be1 Ne4 37. Bf2 Kg7 38. Be1 Qd3 39. Bf2 Ng5 40. Nd2 Qe2 41.
Qc1 Kg6 42. Qe1 Qd3 43. Qc1 Ne4 44. Nxe4 Qxe4+ 45. Kg1 Bg5 46. Qc3 h5 47. h4
Bf6 1/2-1/2

[Event "June TNT"]
[Site "Winnipeg CAN"]
[Date "2010.06.08"]
[Round "2"]
[White "Milord, Frank"]
[Black "Evans, Brian"]
[Result "1/2-1/2"]
[WhiteElo "1638"]
[BlackElo "1588"]
[PlyCount "79"]
[EventDate "2010.06.01"]
[EventType "swiss"]
[EventRounds "5"]
[EventCountry "CAN"]

1. e4 c5 2. Nf3 d6 3. d4 cxd4 4. Nxd4 Nf6 5. Nc3 a6 6. Be2 e6 7. O-O Be7 8. Be3
O-O 9. f4 Qc7 10. g4 Nc6 11. g5 Nd7 12. a3 b5 13. Qe1 Nxd4 14. Bxd4 e5 15. Be3
exf4 16. Bxf4 Bxg5 17. Qg3 Qc5+ 18. Rf2 Bxf4 19. Qxf4 f5 20. exf5 Ne5 21. Bf3
Nxf3+ 22. Qxf3 Bxf5 23. Nd5 Be6 24. Nf4 Qg5+ 25. Qg3 Qxg3+ 26. hxg3 Rf6 27. Rd1
Bg4 28. Rdd2 Raf8 29. Nd5 Rxf2 30. Rxf2 Rxf2 31. Kxf2 Bd7 32. Nb6 Bc6 33. c4
bxc4 34. Nxc4 d5 35. Ne5 Bb7 36. Ke3 Kf8 37. b4 Ke7 38. Kd4 Ke6 39. a4 h5 40.
Nd3 1/2-1/2

[Event "June TNT"]
[Site "Winnipeg CAN"]
[Date "2010.06.08"]
[Round "2"]
[White "Reimer, Bruce"]
[Black "Joven, Perfecto"]
[Result "0-1"]
[WhiteElo "1512"]
[BlackElo "1932"]
[PlyCount "60"]
[EventDate "2010.06.01"]
[EventType "swiss"]
[EventRounds "5"]
[EventCountry "CAN"]

1. c4 Nf6 2. g3 g6 3. Bg2 Bg7 4. Nc3 O-O 5. e4 d6 6. Nge2 Nc6 7. O-O e5 8. d3
Be6 9. Nd5 Ne7 10. b4 Nd7 11. Be3 c6 12. Ndc3 f5 13. Bh3 Qe8 14. d4 Bxc4 15.
Rc1 d5 16. exd5 Nxd5 17. Nxd5 Bxd5 18. Nc3 Bc4 19. Re1 Qf7 20. f4 e4 21. a4 Nf6
22. b5 Rad8 23. Bf1 Bxf1 24. Rxf1 Ng4 25. Bf2 Nxf2 26. Rxf2 Bxd4 27. Qf1 c5 28.
Ne2 Be3 29. Rd1 Qb3 30. Nc1 Qxd1 0-1

[Event "June TNT"]
[Site "Winnipeg CAN"]
[Date "2010.06.15"]
[Round "3"]
[White "Bince, Rolando"]
[Black "Dawa, Arvin"]
[Result "1/2-1/2"]
[WhiteElo "2117"]
[BlackElo "2176"]
[PlyCount "95"]
[EventDate "2010.06.01"]
[EventType "swiss"]
[EventRounds "5"]
[EventCountry "CAN"]

1. e4 c6 2. c4 d5 3. exd5 cxd5 4. cxd5 Qxd5 5. Nc3 Qa5 6. Nf3 Nc6 7. Bc4 e6 8.
O-O Nf6 9. d4 Be7 10. d5 exd5 11. Nxd5 Nxd5 12. Bxd5 O-O 13. Qb3 Qb4 14. Bd2
Qxb3 15. Bxb3 Bg4 16. Bc3 Rad8 17. Ne5 Nxe5 18. Bxe5 Bb4 19. f3 Bc5+ 20. Kh1
Bf5 21. Rfd1 Rfe8 22. Rxd8 Rxd8 23. Rd1 Rxd1+ 24. Bxd1 b5 25. g4 Be6 26. Be2 f6
27. Bb8 Bxa2 28. Bxb5 Bb3 29. Bf4 Bd4 30. Ba6 Kf7 31. Kg2 Ke6 32. Kf1 Kd5 33.
Bb7+ Kc5 34. Bc1 Bc4+ 35. Ke1 Kb4 36. Be4 Kb3 37. Kd1 Bxb2 38. Bc2+ Ka3 39.
Bxh7 Bb3+ 40. Kd2 a5 41. h4 a4 42. f4 Bf7 43. Bc2 Bxc1+ 44. Kxc1 Kb4 45. g5 a3
46. Kb1 fxg5 47. hxg5 Kc3 48. Bh7 1/2-1/2

[Event "June TNT"]
[Site "Winnipeg CAN"]
[Date "2010.06.15"]
[Round "3"]
[White "Boron, Anthony"]
[Black "Mousseau, Charles"]
[Result "1-0"]
[WhiteElo "1996"]
[BlackElo "1791"]
[PlyCount "65"]
[EventDate "2010.06.01"]
[EventType "swiss"]
[EventRounds "5"]
[EventCountry "CAN"]

1. d4 d5 2. Nf3 Nc6 3. g3 Nf6 4. Bg2 Bg4 5. Ne5 e6 6. Bg5 Bh5 7. c3 h6 8. Nxc6
bxc6 9. Bxf6 Qxf6 10. Qa4 Kd7 11. Nd2 Bd6 12. Nf3 Rhb8 13. Qc2 Rb6 14. O-O Rab8
15. b4 g5 16. Rfd1 Bg6 17. Qd2 Qg7 18. a3 a5 19. Ra2 axb4 20. axb4 f5 21. Raa1
f4 22. Ra2 Rf8 23. Re1 g4 24. Nh4 Bh5 25. Ra7 Qf6 26. e4 fxg3 27. hxg3 e5 28.
exd5 exd4 29. dxc6+ Rxc6 30. Bxc6+ Kxc6 31. Qxd4 Qxd4 32. cxd4 Bxb4 33. Rc1+
1-0

[Event "June TNT"]
[Site "Winnipeg CAN"]
[Date "2010.06.15"]
[Round "3"]
[White "Crawford, Gary"]
[Black "Milord, Frank"]
[Result "0-1"]
[WhiteElo "1456"]
[BlackElo "1638"]
[PlyCount "42"]
[EventDate "2010.06.01"]
[EventType "swiss"]
[EventRounds "5"]
[EventCountry "CAN"]

1. d4 Nf6 2. c4 e6 3. Nc3 Bb4 4. e3 O-O 5. Bd3 b6 6. Nf3 Bb7 7. O-O d5 8. cxd5
exd5 9. Qb3 Bxc3 10. bxc3 Nbd7 11. c4 c5 12. Ba3 Rc8 13. Rfd1 Qc7 14. Rac1 Qb8
15. Bf5 dxc4 16. Rxc4 Bd5 17. Rdc1 b5 18. Bxc5 Bxc4 19. Qa3 Rfe8 20. Nd2 Be6
21. Bd3 Nxc5 0-1

[Event "June TNT"]
[Site "Winnipeg CAN"]
[Date "2010.06.15"]
[Round "3"]
[White "Czarny, Keith"]
[Black "Greenberg, Harley"]
[Result "1/2-1/2"]
[WhiteElo "1590"]
[BlackElo "1766"]
[PlyCount "52"]
[EventDate "2010.06.01"]
[EventType "swiss"]
[EventRounds "5"]
[EventCountry "CAN"]

1. c4 Nf6 2. Nf3 e6 3. d4 b6 4. Bg5 Bb7 5. Nc3 Bb4 6. Qb3 c5 7. dxc5 Bxc5 8.
Rd1 O-O 9. Nb5 Nc6 10. Nd6 Bb4+ 11. Rd2 Bxd2+ 12. Nxd2 Na5 13. Qg3 h6 14. Bxh6
Nh5 15. Qg4 Qf6 16. Bg5 Qxb2 17. e3 Nf6 18. Bxf6 Qxf6 19. Bd3 Qc3 20. Ke2 f5
21. Qf4 e5 22. Qg5 e4 23. Bb1 Ba6 24. N6xe4 fxe4 25. Qd5+ Kh8 26. Qh5+ Kg8
1/2-1/2

[Event "June TNT"]
[Site "Winnipeg CAN"]
[Date "2010.06.15"]
[Round "3"]
[White "Evans, Brian"]
[Black "Milward, David"]
[Result "0-1"]
[WhiteElo "1588"]
[BlackElo "1662"]
[PlyCount "70"]
[EventDate "2010.06.01"]
[EventType "swiss"]
[EventRounds "5"]
[EventCountry "CAN"]

1. e4 c5 2. Nf3 d6 3. d4 cxd4 4. Nxd4 Nf6 5. Nc3 g6 6. Be3 Bg7 7. Be2 O-O 8.
O-O Nc6 9. Nxc6 bxc6 10. f3 Be6 11. Qd2 Re8 12. Rfd1 Qa5 13. Nd5 Qxd2 14. Nxf6+
Bxf6 15. Rxd2 Bxb2 16. Rb1 Bf6 17. c4 c5 18. Rc2 Rab8 19. Rcc1 a5 20. a4 Rb4
21. Rxb4 axb4 22. Bd1 Ra8 23. Bb3 Bd7 24. Rc2 Bxa4 25. Ra2 Bc6 26. Rxa8+ Bxa8
27. Ba4 Kg7 28. Kf2 Bc3 29. Ke2 Kf6 30. Kd3 Ke6 31. f4 f5 32. exf5+ Kxf5 33.
Bd7+ e6 34. g3 Be4+ 35. Ke2 b3 0-1

[Event "June TNT"]
[Site "Winnipeg CAN"]
[Date "2010.06.15"]
[Round "3"]
[White "Letain, Cory"]
[Black "De Groot, Steven"]
[Result "0-1"]
[WhiteElo "1614"]
[BlackElo "1818"]
[PlyCount "60"]
[EventDate "2010.06.01"]
[EventType "swiss"]
[EventRounds "5"]
[EventCountry "CAN"]

1. d4 Nf6 2. c4 g6 3. Nc3 Bg7 4. e4 d6 5. f4 c5 6. d5 O-O 7. Nf3 Bg4 8. Be2 Na6
9. O-O e6 10. h3 Bxf3 11. Bxf3 exd5 12. cxd5 Nc7 13. a4 Qd7 14. Bg4 Nxg4 15.
hxg4 f5 16. exf5 gxf5 17. g5 Bd4+ 18. Kh1 Qf7 19. Qf3 Rae8 20. Nb5 Nxb5 21.
axb5 b6 22. Ra2 Re4 23. Bd2 Rfe8 24. Qh3 Re2 25. Rd1 R8e7 26. Ra3 Qxd5 27. Rg3
Rxd2 28. Rf1 Rf2 29. Rd1 Qe6 30. Qh5 Qg6 0-1

[Event "June TNT"]
[Site "Winnipeg CAN"]
[Date "2010.06.15"]
[Round "3"]
[White "Perfecto, Joven"]
[Black "Kernetsky, Myron"]
[Result "1-0"]
[WhiteElo "1932"]
[BlackElo "2021"]
[PlyCount "119"]
[EventDate "2010.06.01"]
[EventType "swiss"]
[EventRounds "5"]
[EventCountry "CAN"]

1. e4 e6 2. d4 d5 3. Nd2 Nf6 4. e5 Nfd7 5. Ngf3 c5 6. c3 Nc6 7. Be2 Qb6 8. Qa4
Be7 9. O-O O-O 10. a3 a6 11. Rb1 Qa7 12. dxc5 Nxc5 13. Qf4 Qb8 14. Qg3 Nd7 15.
Nb3 Ndxe5 16. Bf4 Bd6 17. Kh1 Rd8 18. Ng5 f6 19. Nh3 Ng6 20. Bxd6 Qxd6 21. f4
Bd7 22. Bd3 Be8 23. Rbe1 Bf7 24. Qg4 Re8 25. Re2 Re7 26. Rfe1 Rae8 27. Qg3 e5
28. f5 Nf8 29. Rd2 Rd8 30. Bc2 Red7 31. Nf2 Qe7 32. Ng4 Kh8 33. Qh4 d4 34. Nxd4
Nxd4 35. cxd4 Rxd4 36. Rde2 Qc7 37. Qg3 Bc4 38. Rf2 Qa5 39. b4 Qb6 40. Ne3 Bf7
41. Qf3 Qc7 42. Be4 b6 43. Rc2 Qb8 44. Rec1 R4d7 45. h3 Bb3 46. Rc3 Bf7 47. Rc6
Qa7 48. R6c3 b5 49. Rc5 Kg8 50. Kh2 h6 51. Qg3 Nh7 52. h4 Nf8 53. Ng4 Kh8 54.
Ne3 Re7 55. R1c3 Nd7 56. Rc7 Qd4 57. Qf3 Kg8 58. Nc2 Qd2 59. Rd3 Qe1 60. Nxe1
1-0